[Event "MEX-ch"]
[Site "Mexico City"]
[Date "2023.11.12"]
[Round "9"]
[White "Alvarado Rubio, Matias Uziel"]
[Black "Gomez Carbajal, Daniel"]
[Result "1-0"]
[WhiteElo "1823"]
[BlackElo "1502"]
[PlyCount "65"]
[EventDate "2023.11.07"]
[EventType "swiss"]
[EventRounds "9"]
[EventCountry "MEX"]
[SourceTitle "CB46_2023"]
[SourceDate "2023.11.15"]
[SourceVersion "1"]
[SourceVersionDate "2023.11.15"]
[SourceQuality "1"]

1. e4 e5 2. Nf3 Nc6 3. Bb5 d6 4. c3 Bd7 5. 0-0 Nf6 6. Re1 Be7 7. d3 0-0 8. Nbd2 a6 9. Ba4 b5 10. Bc2 Bg4 11. h3 Bh5 12. Nf1 Qd7 13. Ng3 Bg6 14. Nh4 d5 15. Qe2 Bc5 16. Bg5 Be7 17. Ngf5 Bd8 18. Nxg6 fxg6 19. Ng3 Nxe4 20. dxe4 Bxg5 21. exd5 Na5 22. Qxe5 Qd8 23. Ne4 Bf4 24. Qe6+ Kh8 25. b3 Ra7 26. Rad1 Nb7 27. g3 Re8 28. Qc6 Bd6 29. Ng5 Re7 30. Nf7+ Rxf7 31. Re8+ Rf8 32. Rxd8 Rxd8 33. Re1 1-0

[Event "MEX-ch"]
[Site "Mexico City"]
[Date "2023.11.09"]
[Round "3"]
[White "Alvarado Rubio, Matias Uziel"]
[Black "Vega Castaneda, Luis Carlos"]
[Result "1/2-1/2"]
[WhiteElo "1823"]
[BlackElo "1814"]
[PlyCount "117"]
[EventDate "2023.11.07"]
[EventType "swiss"]
[EventRounds "9"]
[EventCountry "MEX"]
[SourceTitle "CB46_2023"]
[SourceDate "2023.11.15"]
[SourceVersion "1"]
[SourceVersionDate "2023.11.15"]
[SourceQuality "1"]

1. e4 c5 2. d3 b6 3. a4 a6 4. Nc3 e6 5. g3 Bb7 6. Bg2 h5 7. Nf3 Be7 8. h3 d6 9. Nh2 Nf6 10. f4 Qc7 11. 0-0 Nbd7 12. Bd2 Bc6 13. Qe2 Qb7 14. Nd1 b5 15. axb5 axb5 16. Ne3 Nb6 17. c3 c4 18. e5 Bxg2 19. Nxg2 Nfd7 20. d4 g6 21. Nf3 d5 22. b4 Ra4 23. Rxa4 Nxa4 24. Qf2 Ndb6 25. Ne3 Nb2 26. Ra1 Nd3 27. Qe2 h4 28. Ne1 hxg3 29. Nxd3 cxd3 30. Qxd3 Rxh3 31. Kg2 Rh5 32. Qxb5+ Kf8 33. Kxg3 Bd8 34. Ng4 Kg7 35. Be3 Qc7 36. Qc5 Qd7 37. Nf6 Bxf6 38. exf6+ Kxf6 39. Qxb6 Qc8 40. Qc5 Qh8 41. Kf3 Rh2 42. Bf2 Qh5+ 43. Ke3 Rh3+ 44. Kd2 Qf3 45. Kc2 Qxf2+ 46. Kb3 Rh2 47. Ka4 Qb2 48. Ra3 Rh8 49. Qa7 Rc8 50. Qa5 Rc6 51. Kb5 Rxc3 52. Qd8+ Kg7 53. Rxc3 Qxc3 54. Qb6 Qc4+ 55. Ka5 Qa2+ 56. Kb5 Qc4+ 57. Ka4 Qa2+ 58. Kb5 Qc4+ 59. Ka4 1/2-1/2

[Event "Iberoamerican-ch 8th"]
[Site "Mexico City"]
[Date "2022.02.18"]
[Round "8"]
[White "Ruiz Perez, Juan Octavio"]
[Black "Alvarado Rubio, Matias Uziel"]
[Result "1-0"]
[WhiteElo "2074"]
[BlackElo "1691"]
[PlyCount "61"]
[EventDate "2022.02.12"]
[EventType "swiss"]
[EventRounds "9"]
[EventCountry "MEX"]
[SourceTitle "CBM 206 Extra"]
[Source "ChessBase"]
[SourceDate "2022.03.31"]
[SourceVersion "1"]
[SourceVersionDate "2022.03.31"]
[SourceQuality "1"]

1. e4 e6 2. d4 d5 3. Nc3 Nf6 4. e5 Nfd7 5. f4 c5 6. Nf3 Nc6 7. Be3 Qb6 8. Na4 Qa5+ 9. c3 cxd4 10. b4 Qc7 11. Nxd4 Nxd4 12. Bxd4 a6 13. Bd3 Be7 14. h4 b5 15. Nb2 Nb6 16. a4 Nc4 17. Qe2 Qb7 18. axb5 axb5 19. 0-0 Bd7 20. Nxc4 bxc4 21. Bc2 g6 22. f5 Bxh4 23. f6 Bg5 24. Be3 Bxe3+ 25. Qxe3 Kd8 26. Ra5 Ra6 27. Qc5 Re8 28. Rfa1 Rc6 29. Qd4 Qb6 30. Ra8+ Kc7 31. R1a7+ 1-0

[Event "Pan American-ch U12"]
[Site "Guayaquil"]
[Date "2019.07.22"]
[Round "2"]
[White "Alvarado Rubio, Matias Uziel"]
[Black "Zacarias Rodriguez, Santiago"]
[Result "0-1"]
[WhiteElo "1502"]
[BlackElo "1768"]
[PlyCount "33"]
[EventDate "2019.07.21"]
[EventType "swiss"]
[EventRounds "9"]
[EventCountry "ECU"]
[SourceTitle "EXT 2020"]
[Source "ChessBase"]
[SourceDate "2019.10.17"]
[SourceVersion "1"]
[SourceVersionDate "2019.10.17"]
[SourceQuality "1"]

1. d4 Nf6 2. Bg5 d6 3. e3 c6 4. Be2 Qa5+ 5. Nd2 Qxg5 6. g3 Qa5 7. c3 d5 8. f4 h5 9. h4 Bg4 10. Qc2 Bxe2 11. Nxe2 Nbd7 12. e4 Nxe4 13. Nxe4 dxe4 14. Qxe4 Qd5 15. Qxd5 cxd5 16. f5 Nf6 17. Nf4 0-1